000 00643nam a2200241 i 4500
001 C2-0304695
003 PPAK
005 20180728085835.0
008 100614s2010 my |||| ||||| | may d
020 _a9789675564123
040 _aPPAK
_beng
_cPPAK
_erda
082 0 4 _a899.233
_223
090 0 0 _a899.233
_bROS
_dG
100 0 _aRose Harissa,
_eauthor
245 1 0 _aProjek diet Ain Maisarah
264 1 _aBatu Caves, Selangor :
_bPTS Millennia ,
_c2010
300 _a229 pages ;
_c19 cm
336 _2rdacontent
_atext
337 _2rdamedia
_aunmediated
338 _2rdacarrier
_avolume
650 1 0 _aMalay fiction
942 _ddc
_cB
999 _c107816
_d107816